000 01288cam a22003014a 4500
001 14060786
003 OSt
005 20230926105416.0
008 050802s2006 maua b 001 0 eng
010 _a 2005053028
020 _a0123694639 (alk. paper)
040 _aDLC
_cDLC
_dDLC
042 _apcc
050 0 0 _aQA273.19.E4
_bD44 2006
082 0 0 _a519.2
_bDEE/P
100 1 _aDeep, Ronald
_99598
245 1 0 _aProbability and statistics with integrated software routines /
_cRonald Deep.
260 _aBurlington, MA :
_bAcademic Press,
_cc2006.
300 _axx, 686 p. :
_bill. ;
_c24 cm. +
_e1 computer optical disc (4 3/4 in.)
504 _aIncludes bibliographical references (p.679-680) and index.
650 0 _aProbabilities
_xComputer simulation.
650 0 _aMathematical statistics
_xComputer simulation.
856 4 1 _3Table of contents only
_uhttp://www.loc.gov/catdir/enhancements/fy0625/2005053028-t.html
856 4 2 _3Publisher description
_uhttp://www.loc.gov/catdir/enhancements/fy0632/2005053028-d.html
906 _a7
_bcbc
_corignew
_d1
_eocip
_f20
_gy-gencatlg
942 _2ddc
_cBK
_h519.2
_iDEE/P
_k519.2
_mDEE/P
999 _c42449
_d42449